/​ حسرت موہانی اور انقلابِ آزادی (Record no. 109358)

MARC details
000 -LEADER
fixed length control field 00943nam a22002537a 4500
005 - DATE AND TIME OF LATEST TRANSACTION
control field 20170123162352.0
010 ## - LIBRARY OF CONGRESS CONTROL NUMBER
LC control number A-949216
020 ## - INTERNATIONAL STANDARD BOOK NUMBER
Terms of availability 300.00
035 ## - SYSTEM CONTROL NUMBER
System control number A-949216
037 ## - SOURCE OF ACQUISITION
Source of stock number/acquisition Cen Lib/Ret
040 ## - CATALOGING SOURCE
Original cataloging agency DPL
Language of cataloging UR
082 ## - DEWEY DECIMAL CLASSIFICATION NUMBER
Classification number 921
Item number ح س ر
100 ## - MAIN ENTRY--PERSONAL NAME
Personal name صدیقی، نفیس احمد
9 (RLIN) 475
245 ## - TITLE STATEMENT
Title /​ حسرت موہانی اور انقلابِ آزادی
Statement of responsibility, etc نفیس احمد صدیقی
246 ## - VARYING FORM OF TITLE
Title proper/short title Hasrat Muhani aur inqlab-e- azadi /
Remainder of title by Nafis Ahmad Siddiqui
260 ## - PUBLICATION, DISTRIBUTION, ETC. (IMPRINT)
Place of publication, distribution, etc پٹنہ
Name of publisher, distributor, etc خدا بخش ورئیےنٹل پبلک لائبریری
Date of publication, distribution, etc 1998
270 ## - ADDRESS
Address خدا بخش ورئیےنٹل پبلک لائبریری
City پٹنہ
300 ## - PHYSICAL DESCRIPTION
Extent 560p.
Dimensions 21cm(Hb)
650 ## - SUBJECT ADDED ENTRY--TOPICAL TERM
Topical term or geographic name as entry element سوانح حیات
9 (RLIN) 509
650 ## - SUBJECT ADDED ENTRY--TOPICAL TERM
Topical term or geographic name as entry element سوانح حیات - حسرت موہانی
9 (RLIN) 129899
650 ## - SUBJECT ADDED ENTRY--TOPICAL TERM
Topical term or geographic name as entry element Biography
9 (RLIN) 7490
650 ## - SUBJECT ADDED ENTRY--TOPICAL TERM
Topical term or geographic name as entry element Biography - Hasrat Muhani
9 (RLIN) 137494
942 ## - ADDED ENTRY ELEMENTS (KOHA)
Source of classification or shelving scheme Dewey Decimal Classification
Koha item type Urdu Bks
Classification part 921
Call number suffix ح س ر
Holdings
Withdrawn status Lost status Damaged status Not for loan Home library Current library Date acquired Source of acquisition Cost, normal purchase price Total Checkouts Full call number Barcode Date last seen Copy number Cost, replacement price Price effective from Koha item type
        Central Library Central Library 05/03/2016 Cen Lib/Ref 300.00   921 ح س ر A-949216 05/03/2016 1 300.00 05/03/2016 Urdu Bks

© Delhi Public Library
Hit Counter
free hit counter